000 00778nam a2200265Ia 4500
003 OSt
005 20220924121045.0
006 a|||||r|||| 00| 0
007 ta
008 220923b |||||||| |||| 00| 0 ben d
020 _a984 70006 1209 0 (hbk)
020 _c180
024 _a297445
037 _bM/2009/43, 03/08/2009, Mukta Dhara
_cTextual
040 _aARTS
_cARTS
_bben
041 _2ben
_aben
082 _aO157,3N47,SA, P8
100 _aAzad Humayun
_9184123
245 0 _aSab kichu behnge pore
260 _aDhaka
_bAgami Prakashan Bangladesh
_c2007
300 _a144p.
_ccm.
650 _aBENGALI LITERATURE
942 _hO157,3N47,SA, P8
_cTEXL
_2CC
999 _c405639
_d405639